Statistics for Korean Vocabulary: Numbers (Regular)

Click here to take the quiz!

General Stats

  • This quiz has been taken 92 times
  • The average score is 8 of 27

Answer Stats

English Korean % Correct
onehana
99%
threeset
96%
twodul
90%
fournet
79%
fivedaseot
52%
tenyeol
44%
sixyeoseot
44%
nineahop
42%
elevenyeolhana
40%
sevenilgop
40%
thirteenyeolset
39%
twelveyeoldul
39%
eightyeodeol
27%
fifteenyeoldaseot
22%
twentyseumul
10%
thirtyseoreun
6%
fortymaheun
6%
fiftyswin
5%
seventyilheun
5%
ninetyaheun
4%
eightyyeodeun
4%
sixtyyesun
4%
fourteenyeollet
4%
nineteenyeorahop
3%
sixteenyeollyeoseot
1%
eighteenyeollyeodeol
1%
seventeenyeorilgop
1%

Score Distribution

Percentile by Number Answered

Percent of People with Each Score

Your Score History

You have not taken this quiz